000 00785nam a2200265 a 4500
001 000109798
003 CHAP
005 20220329144104.0
008 140529s2012 mx |rm |0|||||spa d
010 _a106260
011 _a107232
040 _cCHAP
090 _aTesis
100 1 _aResendiz Rodríguez, Alicia
_9127128
245 1 0 _aProductividad de genotipos mejorados de jamaica en el Valle de Cocula, Gro. /
_cpor Alicia Resendiz Rodríguez.
260 _aCocula, Gro. :
_bEl autor,
_c2012.
300 _aviii, 39 h.
502 _aTesis (Ing. Agr. Esp. Fitotecnista) -- CSAEGRO
590 _aE5765TAJ
_b05
_c20140529
_lUCH01
_h0838
650 1 4 _aJamaica
_xGenética.
_960994
650 1 4 _aJamaica
_xRendimiento.
_961001
901 _aBK
942 _cTESIS
942 _n0
999 _c106260
_d106260